Jan Van Eyck: el altar de Gante. Propuestas para una reforma de la iglesia
Spremljeno u:
| Glavni autor: | |
|---|---|
| Format: | Knjiga |
| Jezik: | španjolski |
| Izdano: |
Cuernavaca
Siglo Veintiuno Editores
1997
|
| Izdanje: | 1a. ed |
| Serija: | Galería Abierta
|
| Teme: | |
| Oznake: |
Dodaj oznaku
Bez oznaka, Budi prvi tko označuje ovaj zapis!
|
MARC
| LEADER | 00000cam a2200000 a 4500 | ||
|---|---|---|---|
| 001 | UCD7258 | ||
| 003 | CL-VaPUC | ||
| 008 | 170317e19970000mx |||||||||||||||||spa|d | ||
| 020 | |a 9682320755 | ||
| 082 | 0 | 4 | |a 759.022 |b SCH |2 21 |
| 100 | 0 | |a Schneider, Norbert |e author |9 591211 | |
| 245 | 1 | 0 | |a Jan Van Eyck: el altar de Gante. Propuestas para una reforma de la iglesia |
| 250 | |a 1a. ed | ||
| 300 | |a 115 p | ||
| 942 | |c BK | ||
| 945 | |d 20170317 22:16:00 |a dcastane | ||
| 260 | |a Cuernavaca |b Siglo Veintiuno Editores |c 1997 | ||
| 600 | 0 | |a Eyck, Jan van, |d 1390-1440 |9 557842 | |
| 650 | 0 | |a Pintura flamenca |9 319201 | |
| 650 | 7 | |a PINTURA RELIGIOSA |2 CL-VaPUC |9 340359 | |
| 583 | |a last modification |c 20170317 22:16:00 |k Rodrigo Vera | ||
| 490 | 0 | |a Galería Abierta | |
| 999 | |c 367320 |d 367318 | ||
| 952 | |0 0 |1 0 |3 erb |4 0 |6 759_022000000000000_SCH_1997 |7 0 |8 A |9 482144 |a BIBART |b BIBART |i 536597K |o 759.022 SCH 1997 |p 536597K |r 2025-03-13 |w 2019-11-24 |y BK |z Catalogado en:20170317 |k ART | ||